All of the Pokemon Ash Has Owned - Statistics

General Stats
  • This quiz has been taken 117 times
    89 since last reset
  • The average score is 66 of 94
Answer Stats
Hint Answer % Correct
On Hand Pikachu
98%
With Professor Oak Charizard
95%
Released Butterfree
92%
With Professor Oak Bulbasaur
91%
Evolved Charmander
89%
Evolved Charmeleon
89%
Released Pidgeot
89%
Evolved Caterpie
88%
Evolved Metapod
88%
In Training Squirtle
88%
Evolved Chikorita
83%
Evolved Pidgeotto
83%
Traded Raticate
81%
With Professor Oak Tauros x30
81%
With Professor Oak Bayleef
78%
Evolved Cyndaquil
78%
Released Greninja
78%
With Professor Oak Quilava
78%
With Professor Kukui Rowlet
78%
With Professor Oak Totodile
78%
Traded Aipom
77%
With Professor Oak Kingler
77%
With Professor Oak Muk
77%
With Professor Oak Sceptile
77%
With Professor Oak Snorlax
77%
Evolved Treecko
77%
Released Goodra
75%
Evolved Grovyle
75%
With Professor Oak Infernape
75%
With Professor Oak Noctowl
75%
In Training Primeape
75%
Evolved Froakie
73%
Evolved Frogadier
73%
Evolved Goomy
73%
Evolved Litten
73%
With Professor Kukui Lycanroc
73%
With Professor Oak Staraptor
73%
With Professor Oak Swellow
73%
Evolved Chimchar
72%
Evolved Noibat
72%
With Professor Oak Noivern
72%
With Professor Oak Talonflame
72%
With Professor Oak Buizel
70%
With Professor Oak Hawlucha
70%
Released Lapras
70%
With Professor Kukui Melmetal
70%
Evolved Monferno
70%
With Professor Oak Pignite
70%
Evolved Rockruff
70%
Evolved Staravia
70%
Evolved Starly
70%
With Professor Oak Torterra
70%
Given Away Beedrill
69%
With Professor Kukui Incineroar
69%
Evolved Krabby
69%
With Professor Oak Oshawott
69%
Evolved Tepig
69%
Evolved Turtwig
69%
With Professor Oak Heracross
67%
With Professor Oak Snivy
67%
Evolved Torracat
67%
Evolved Fletchinder
66%
Evolved Fletchling
66%
Evolved Grotle
66%
Unofficial Haunter
66%
Evolved Pidove
66%
Evolved Poipole
66%
Evolved Sliggoo
66%
Evolved Taillow
66%
With Professor Oak Unfezant
66%
With Professor Oak Gible
64%
Evolved Meltan
64%
Released Naganadel
64%
With Professor Oak Corphish
63%
Evolved Tranquill
63%
With Professor Oak Donphan
61%
With Professor Oak Gliscor
61%
With Professor Oak Leavanny
61%
With Professor Oak Palpitoad
61%
With Professor Oak Boldore
59%
With Professor Oak Krookodile
59%
Evolved Snorunt
59%
Evolved Phanpy
58%
With Professor Oak Glalie
56%
Evolved Gligar
56%
Evolved Krokorok
56%
Evolved Roggenrola
56%
Evolved Sewaddle
56%
Evolved Swadloon
56%
With Professor Oak Torkoal
56%
Unofficial Larvitar
55%
With Professor Oak Scraggy
53%
On Hand Dragonite
48%
On Hand Mr. Mime
42%
No matching quizzes found
Score Distribution
Percent of People with Each Score
Percentile by Number Answered
Your Score History
You have not taken this quiz since the last reset